LEADER 00617naa a2200133 i 4500 001 000000330145 003 CaOOAMICUS 005 20180831173633.0 008 180831n it u000 u ita u 013 $a41892 040 $aSeMil$bita 245 10$aTotalità e salvezza. 773 0 $aColloquio su Filosofia e Religione <4. ; 1988 ; Macerata>$tRagione e i simboli della salvezza oggi.$dGenova : Marietti, 1990.$kPubblicazioni della Facoltà di lettere e filosofia$kPubblicazioni della Facoltà di lettere e filosofia. Atti di convegni$z88-211-8588-5$gp.9-14$w()167158 996 $6245$aTotalità e salvezza$9(OLS)http://semarc/title/418603 LEADER 00884nas a2200229 i 4500 001 000000337894 003 CaOOAMICUS 005 20191111091301.0 008 191111s2018 sz ar u0 0mul r 013 $a238276 040 $aSeMil$bita 245 10$a2018. 260 $aMünster :$bAschendorff,$c2018. 300 $a554 p. :$bill., tabelle ;$c24 cm. 500 $aArticoli con sintesi in tedesco [Zusammenfassung], in francese [Résumé] e in inglese [Summary] in coda. 773 0 $tArchiv für Liturgiewissenschaft.$dRegensburg : Friedrich Pustet, 1950.$x0066-6386$w()1898 850 $aSeMil 852 $aSeMil$W1$xVenegono$y1$m154 2 38$j217247$B229333$CSeMilBibl$Z2$F229333 $85 961 $aAbbonamento: Aschendorff 996 $6245$a2018$9(OLS)http://semarc/title/412422 996 $6260$aMünster :$bAschendorff$9(OLS)http://semarc/publisher/29674